000 00670nam a2200205Ii 4500
003 JO-AjNU
008 230605s9999||||xx |||||||||||||| ||und||
017 _a1990/12/797
040 _aJO-AjNU
_bara
_erda
_cJO-AjNU
041 _aara
050 1 4 _aPJ7542.F56.A93 1991
100 3 _aبحث وتحقيق مهدي، عبد المجيد,
_eauthor
_920496
245 0 0 _aأزهار في الأشعار، الجزء الأول
264 3 1 _aعمان: دار شمس، 1991
300 _aج1، 96ص
336 _atext
_btxt
_2rdacontent
337 _aunmediated
_bn
_2rdamedia
338 _avolume
_bnc
_2rdacarrier
650 4 _aالشعر العربي - منوعات
_920497
999 _aA6956
_c10524
_d10524